Don Alberione e l’Eucarestia. (Record n. 26464)
[ formato base ]
| 000 -LEADER | |
|---|---|
| fixed length control field | 00748nam a2200217Ia 4500 |
| 003 - CONTROL NUMBER IDENTIFIER | |
| control field | IT-RoPAU |
| 005 - DATE AND TIME OF LATEST TRANSACTION | |
| control field | 20220918175719.0 |
| 008 - FIXED-LENGTH DATA ELEMENTS--GENERAL INFORMATION | |
| fixed length control field | 120407s9999 xx 000 0 und d |
| 040 ## - CATALOGING SOURCE | |
| Original cataloging agency | IT-RoPAU |
| Transcribing agency | 20131203160632.0 |
| 040 ## - CATALOGING SOURCE | |
| Transcribing agency | IT-RoPAU |
| 041 ## - LANGUAGE CODE | |
| Language code of text/sound track or separate title | ita |
| 100 ## - MAIN ENTRY--PERSONAL NAME | |
| Personal name | Mazzeo, Marcella |
| 9 (RLIN) | 5045 |
| 245 ## - TITLE STATEMENT | |
| Title | Don Alberione e l’Eucarestia. |
| 250 ## - EDITION STATEMENT | |
| Edition statement | I |
| 260 ## - PUBLICATION, DISTRIBUTION, ETC. (IMPRINT) | |
| Place of publication, distribution, etc. | Roma |
| Name of publisher, distributor, etc. | IMSA |
| Date of publication, distribution, etc. | S.d. |
| 300 ## - PHYSICAL DESCRIPTION | |
| Extent | 158 p. |
| Dimensions | 18,5 cm |
| 490 ## - SERIES STATEMENT | |
| Series statement | Uso manoscritto. |
| 520 ## - SUMMARY, ETC. | |
| Summary, etc. | Introduzione<br/><br/>Parte prima - L'Eucarestia, il sacrificio pasquale di Gesù<br/>Parte seconda - L'Eucarestia, il Dio con noi<br/>Parte terza - L'Eucarestia, centro della comunità<br/><br/>Conclusioni<br/>Abbreviazioni<br/>Cenni sulla vita di Don Giacomo Alberione |
| 942 ## - ADDED ENTRY ELEMENTS (KOHA) | |
| Koha item type | LIBRO |
| Source of classification or shelving scheme | Dewey Decimal Classification |
| Withdrawn status | Lost status | Source of classification or shelving scheme | Damaged status | Not for loan | Home library | Current library | Date acquired | Total Checkouts | Full call number | Date last seen | Price effective from | Koha item type | Public note |
|---|---|---|---|---|---|---|---|---|---|---|---|---|---|
| Dewey Decimal Classification | Buone Condizioni | Not For Loan | PAULUS-BIBLIOTECA | PAULUS-BIBLIOTECA | 11/04/2012 | P B2 | 11/04/2012 | 11/04/2012 | LIBRO | ||||
| Dewey Decimal Classification | Buone Condizioni | Not For Loan | PAULUS-BIBLIOTECA | PAULUS-BIBLIOTECA | 11/04/2012 | P B2 | 11/04/2012 | 11/04/2012 | LIBRO | Inserito da: Sergio In data: 27 settembre 2011 fondo: Via A.Severo 56 Progr:6884 | |||
| Dewey Decimal Classification | Buone Condizioni | Not For Loan | PAULUS-BIBLIOTECA | PAULUS-BIBLIOTECA | 03/12/2013 | P B2 | 03/12/2013 | 03/12/2013 | LIBRO | ||||
| Dewey Decimal Classification | Buone Condizioni | Not For Loan | PAULUS-BIBLIOTECA | PAULUS-BIBLIOTECA | 03/12/2013 | P B2 | 03/12/2013 | 03/12/2013 | LIBRO |